000 00536nam a22001937a 4500
003 CEME
005 20210628201847.0
008 210208b xxu||||| |||| 00| 0 eng d
020 _a81-203-0082-3
040 _c.
082 _a621.381 RYD
100 _aRyder, John D
_957139
245 _aElectronic fundamentals and applications ,integrated and discrete systems
250 _a5TH
260 _aNEW DELHI
_bPRENTICE HALLRYDER, JOHN D
_c2004
300 _aXIII,538P
650 _aELECTRONIC APPLICATIONS
_957140
942 _cBK
_2ddc
999 _c567435
_d567435